Statistics for Type 15 Ouagadougou in 20 Seconds

Click here to take the quiz!

General Stats

  • This quiz has been taken 17 times
  • The average score is 8 of 15

Answer Stats

Ouagadougous!Answer% Correct
1 nice startOuagadougou
100%
2 hoorayOuagadougou
82%
3 keep goingOuagadougou
64%
4 going betterOuagadougou
64%
5 try harderOuagadougou
64%
6 hoorayOuagadougou
64%
7 good jobOuagadougou
64%
8 yayayayayayOuagadougou
55%
9 WOWOuagadougou
55%
10 Congrats! It's tenOuagadougou
36%
11 Super-fastOuagadougou
36%
12 OMGOuagadougou
36%
13 Hyper-fastOuagadougou
36%
14 How did you??Ouagadougou
36%
15 LegendaryOuagadougou
36%

Score Distribution

Percentile by Number Answered

Percent of People with Each Score

Your Score History

You have not taken this quiz